Teaching & coaching athletics / (Record no. 29597)

MARC details
000 -LEADER
fixed length control field 00812nam a22002297a 4500
005 - DATE AND TIME OF LATEST TRANSACTION
control field 20090825162019.0
008 - FIXED-LENGTH DATA ELEMENTS--GENERAL INFORMATION
fixed length control field 090202t xxu||||| |||| 00| 0 eng d
010 ## - LCCN (DPL NO)
LC control number ENG-94897
020 ## - INTERNATIONAL STANDARD BOOK NUMBER
Terms of availability 200.00
International Standard Book Number 9788178792750
020 ## - INTERNATIONAL STANDARD BOOK NUMBER
Terms of availability 200.00
International Standard Book Number 8178792753
035 ## - SYSTEM CONTROL NUMBER
System control number EN-78430
037 ## - SOURCE OF ACQUISITION
Source of stock number/acquisition DBAD / PUB
040 ## - CATALOGING SOURCE
Original cataloging agency dpl
Language of cataloging English
082 ## - DEWEY DECIMAL CLASSIFICATION NUMBER
Classification number 796
100 ## - MAIN ENTRY--PERSONAL NAME
Personal name Varghese, Sandhu
245 ## - TITLE STATEMENT
Title Teaching & coaching athletics /
Statement of responsibility, etc by Sandhu Varghese
260 ## - PUBLICATION, DISTRIBUTION, ETC. (IMPRINT)
Place of publication, distribution, etc New Delhi
Name of publisher, distributor, etc Sports Publication
Date of publication, distribution, etc 2009
270 ## - ADDRESS
Address 7/26, Ground Floor, Ansari Road, Daryaganj
City New Delhi
Postal code 110002
300 ## - PHYSICAL DESCRIPTION
Extent 221p.:
Dimensions 22cm(pbk)
Other physical details ill.
942 ## - ADDED ENTRY ELEMENTS (KOHA)
Source of classification or shelving scheme Dewey Decimal Classification
Item type English Books
Call number suffix VAR
Classification part 796
Holdings
Withdrawn status Lost status Source of classification or shelving scheme Damaged status Not for loan Collection code Home library Current library Date acquired Source of acquisition Cost, normal purchase price Total Checkouts Full call number Barcode Date last seen Copy number Cost, replacement price Koha item type
    Dewey Decimal Classification   Not For Loan Non-fiction D.B.Act.Division D.B.Act.Division 25/08/2009 DBAD / PUB 200.00   796 VAR EN-78430 25/08/2009 1 200.00 English Books

© Delhi Public Library
Hit Counter
free hit counter